[Event "Campinas Itu 5th"]
[Site "Campinas"]
[Date "2011.08.24"]
[Round "?"]
[White "Faria, Marcio Roberto"]
[Black "Oliveira, Silvio Eduardo"]
[Result "0-1"]
[WhiteElo "1713"]
[BlackElo "2333"]
[PlyCount "34"]
[EventDate "2011.08.06"]
[EventType "tourn"]
[EventRounds "14"]
[EventCountry "BRA"]
[SourceTitle "EXT 2022"]
[Source "ChessBase"]
[SourceDate "2021.10.06"]
[SourceVersion "1"]
[SourceVersionDate "2021.10.06"]
[SourceQuality "1"]

1. d4 d5 2. c4 c6 3. Nc3 Nf6 4. e3 e6 5. Nf3 Nbd7 6. Qb3 Bd6 7. Bd2 0-0 8. Bd3 dxc4 9. Bxc4 e5 10. dxe5 Nxe5 11. Nxe5 Bxe5 12. 0-0 Bxh2+ 13. Kxh2 Ng4+ 14. Kg1 Qh4 15. Rfe1 Qxf2+ 16. Kh1 Rd8 17. Rf1 Qh4+ 0-1

[Event "Campinas Itu 5th"]
[Site "Campinas"]
[Date "2011.08.17"]
[Round "3"]
[White "Oliveira, Silvio Eduardo"]
[Black "Faria, Marcio Roberto"]
[Result "1-0"]
[WhiteElo "2333"]
[BlackElo "1713"]
[PlyCount "51"]
[EventDate "2011.08.06"]
[EventType "tourn"]
[EventRounds "14"]
[EventCountry "BRA"]
[SourceTitle "EXT 2022"]
[Source "ChessBase"]
[SourceDate "2021.10.06"]
[SourceVersion "1"]
[SourceVersionDate "2021.10.06"]
[SourceQuality "1"]

1. e4 c5 2. Nf3 d6 3. d4 cxd4 4. Nxd4 Nc6 5. Nc3 g6 6. Be3 Bg7 7. Qd2 Nf6 8. f3 0-0 9. 0-0-0 a6 10. h4 Nxd4 11. Bxd4 b5 12. h5 Nxh5 13. Bxg7 Kxg7 14. g4 b4 15. Nd5 e6 16. gxh5 exd5 17. hxg6 fxg6 18. Qh6+ Kf7 19. Qxh7+ Kf6 20. Rg1 Rg8 21. Rxd5 Be6 22. e5+ Kf5 23. Bd3+ Kf4 24. Qh2+ Ke3 25. Qe2+ Kf4 26. Qe4# 1-0

[Event "Campinas Itu 5th"]
[Site "Campinas"]
[Date "2011.08.16"]
[Round "2"]
[White "Faria, Marcio Roberto"]
[Black "Milanelo, Carlos Alberto"]
[Result "1/2-1/2"]
[WhiteElo "1713"]
[BlackElo "1673"]
[PlyCount "63"]
[EventDate "2011.08.06"]
[EventType "tourn"]
[EventRounds "14"]
[EventCountry "BRA"]
[SourceTitle "EXT 2022"]
[Source "ChessBase"]
[SourceDate "2021.10.06"]
[SourceVersion "1"]
[SourceVersionDate "2021.10.06"]
[SourceQuality "1"]

1. d4 d5 2. c4 c6 3. Nc3 dxc4 4. e3 Nf6 5. Bxc4 g6 6. Nf3 Bg4 7. Qb3 Bxf3 8. Bxf7+ Kd7 9. Qe6+ Kc7 10. gxf3 Nbd7 11. Bd2 Bg7 12. Rc1 Nb6 13. Nb5+ Kb8 14. Qe5+ Kc8 15. 0-0 Nh5 16. Be6+ Nd7 17. Qc5 Kb8 18. Bxd7 Qxd7 19. Nc3 b6 20. Qc4 Kb7 21. a4 Raf8 22. a5 Rxf3 23. axb6 Qg4+ 24. Kh1 Rf5 25. Rg1 Qf3+ 26. Rg2 Rg5 27. Rcg1 axb6 28. Qe2 Qxe2 29. Nxe2 Rxg2 30. Rxg2 Ra8 31. Rg1 Ra2 32. Bc3 1/2-1/2

[Event "Itu LCX 22nd"]
[Site "Itu"]
[Date "2011.03.23"]
[Round "1"]
[White "Abe, Nelson"]
[Black "Faria, Marcio Roberto"]
[Result "1-0"]
[WhiteElo "1838"]
[BlackElo "1765"]
[PlyCount "55"]
[EventDate "2011.03.23"]
[EventType "tourn"]
[EventRounds "11"]
[EventCountry "BRA"]
[SourceTitle "EXT 2022"]
[Source "ChessBase"]
[SourceDate "2021.10.06"]
[SourceVersion "1"]
[SourceVersionDate "2021.10.06"]
[SourceQuality "1"]

1. d4 d5 2. c4 e6 3. Nc3 Nf6 4. Bg5 Be7 5. Nf3 c6 6. e3 Nbd7 7. Bd3 dxc4 8. Bxc4 0-0 9. 0-0 Nd5 10. Bxe7 Qxe7 11. e4 Nxc3 12. bxc3 b5 13. Bb3 Bb7 14. Re1 a5 15. Qd3 e5 16. a4 Rfd8 17. axb5 Nc5 18. Qc2 a4 19. Bxf7+ Qxf7 20. bxc6 Nb3 21. cxb7 Nxa1 22. bxa8Q Rxa8 23. Rxa1 h6 24. Nxe5 Qb7 25. h3 a3 26. Nc4 Qe7 27. Qb3 Qxe4 28. Nd6+ 1-0

[Event "Campinas Oficina do Estudante 21st LCX"]
[Site "Campinas"]
[Date "2010.10.24"]
[Round "13"]
[White "Faria, Marcio Roberto"]
[Black "Mecking, Henrique"]
[Result "0-1"]
[WhiteElo "1956"]
[BlackElo "2548"]
[PlyCount "44"]
[EventDate "2010.10.09"]
[EventType "tourn"]
[EventRounds "13"]
[EventCountry "BRA"]
[SourceTitle "EXT 2022"]
[Source "ChessBase"]
[SourceDate "2021.10.06"]
[SourceVersion "1"]
[SourceVersionDate "2021.10.06"]
[SourceQuality "1"]

1. d4 d5 2. c4 Nf6 3. Nc3 g6 4. cxd5 Nxd5 5. Nxd5 Qxd5 6. Nf3 Bg7 7. e3 c5 8. Bb5+ Bd7 9. Bxd7+ Qxd7 10. 0-0 cxd4 11. exd4 Nc6 12. Bf4 0-0 13. Be5 Nxe5 14. Nxe5 Bxe5 15. dxe5 Qxd1 16. Raxd1 Rfd8 17. Rxd8+ Rxd8 18. f4 Rd2 19. Rb1 Kg7 20. Kf1 f6 21. e6 f5 22. a4 Kf6 0-1

[Event "Campinas Oficina do Estudante 21st LCX"]
[Site "Campinas"]
[Date "2010.10.09"]
[Round "1"]
[White "Santos, Luiz Sergio Jr"]
[Black "Faria, Marcio Roberto"]
[Result "1/2-1/2"]
[WhiteElo "1645"]
[BlackElo "1956"]
[PlyCount "49"]
[EventDate "2010.10.09"]
[EventType "tourn"]
[EventRounds "13"]
[EventCountry "BRA"]
[SourceTitle "EXT 2022"]
[Source "ChessBase"]
[SourceDate "2021.10.06"]
[SourceVersion "1"]
[SourceVersionDate "2021.10.06"]
[SourceQuality "1"]

1. e4 c5 2. Nf3 e6 3. d4 cxd4 4. Nxd4 a6 5. Nc3 Nf6 6. e5 Ng8 7. f4 d6 8. exd6 Bxd6 9. Be3 Qc7 10. Qd2 Bb4 11. Be2 Bxc3 12. bxc3 Nf6 13. Bf3 0-0 14. Rb1 Rd8 15. 0-0 Nd5 16. Rb3 b5 17. f5 exf5 18. Nxb5 axb5 19. Bxd5 Ra5 20. Qf2 Nd7 21. Bf3 Rxa2 22. Bd4 Ra5 23. Be2 Ba6 24. Qxf5 Nf8 25. Bd3 1/2-1/2

[Event "Itu LCX 20th"]
[Site "Itu"]
[Date "2010.08.24"]
[Round "10"]
[White "Faria, Marcio Roberto"]
[Black "Goncalves, Henrique Machado"]
[Result "1/2-1/2"]
[WhiteElo "1773"]
[BlackElo "1636"]
[PlyCount "101"]
[EventDate "2010.08.14"]
[EventType "tourn"]
[EventRounds "13"]
[EventCountry "BRA"]
[SourceTitle "EXT 2022"]
[Source "ChessBase"]
[SourceDate "2021.10.06"]
[SourceVersion "1"]
[SourceVersionDate "2021.10.06"]
[SourceQuality "1"]

1. d4 Nf6 2. c3 e6 3. Nf3 c5 4. e3 b6 5. Nbd2 Bb7 6. Bd3 d6 7. 0-0 Be7 8. Re1 Nbd7 9. e4 cxd4 10. Nxd4 0-0 11. Nc4 Nc5 12. e5 dxe5 13. Nxe5 Nxd3 14. Qxd3 Qd5 15. Nef3 Rfd8 16. Bg5 h6 17. Bh4 g5 18. Bg3 g4 19. Nh4 Ne4 20. Qe2 Bxh4 21. Bxh4 h5 22. f3 gxf3 23. gxf3 Nd6 24. Bxd8 Rxd8 25. Rad1 Kh7 26. Qc2+ Kh8 27. Qf2 Rg8+ 28. Kh1 e5 29. Rd3 exd4 30. Qxd4+ Qxd4 31. cxd4 f6 32. Re6 Nc4 33. Rxf6 Nxb2 34. Re3 Bd5 35. Rf5 Rd8 36. Rxh5+ Kg7 37. Rg5+ Kf6 38. Rg3 b5 39. h4 a5 40. Rg4 Nc4 41. Rf4+ Kg6 42. Re2 b4 43. Kg1 a4 44. Kf2 b3 45. axb3 axb3 46. Re1 b2 47. Rg1+ Kh6 48. Rf6+ Kh7 49. Rf5 Kh6 50. Rf6+ Kh7 51. Rf5 1/2-1/2

[Event "Itu LCX 20th"]
[Site "Itu"]
[Date "2010.08.23"]
[Round "9"]
[White "Garkauskas, Otto Dmitry"]
[Black "Faria, Marcio Roberto"]
[Result "1-0"]
[WhiteElo "1993"]
[BlackElo "1773"]
[PlyCount "105"]
[EventDate "2010.08.14"]
[EventType "tourn"]
[EventRounds "13"]
[EventCountry "BRA"]
[SourceTitle "EXT 2022"]
[Source "ChessBase"]
[SourceDate "2021.10.06"]
[SourceVersion "1"]
[SourceVersionDate "2021.10.06"]
[SourceQuality "1"]

1. d4 d5 2. c4 e6 3. Nc3 Nf6 4. Bg5 Be7 5. Nf3 Nbd7 6. e3 h6 7. Bh4 0-0 8. Be2 c5 9. 0-0 b6 10. cxd5 Nxd5 11. Bxe7 Qxe7 12. Nxd5 exd5 13. dxc5 Qxc5 14. Rc1 Qa5 15. b4 Qxb4 16. Qxd5 Rb8 17. Rxc8 Rbxc8 18. Qxd7 Qa5 19. Bd3 Qxa2 20. Qf5 g6 21. Qf4 Kg7 22. Qd4+ Kg8 23. Ra1 Qb3 24. Ne5 Rfd8 25. Nd7 Qe6 26. Rxa7 Rc1+ 27. Bf1 Rcc8 28. Nf6+ Kf8 29. Rd7 Rxd7 30. Nxd7+ Ke7 31. Nxb6 Rd8 32. Qh4+ Qf6 33. Qe4+ Kf8 34. Nd5 Qd6 35. Nf4 Qd7 36. h4 Qd1 37. h5 g5 38. Qb4+ Kg7 39. Ne2 Qa1 40. Ng3 Rd1 41. e4 Qf6 42. Nf5+ Kh7 43. Ne3 Rd7 44. Qc5 Re7 45. Ng4 Qe6 46. Bc4 Qxg4 47. Qxe7 Qd1+ 48. Bf1 Qxh5 49. e5 Kg8 50. e6 fxe6 51. Qxe6+ Kg7 52. Qe7+ Kh8 53. Qf8+ 1-0

[Event "Itu LCX 20th"]
[Site "Itu"]
[Date "2010.08.15"]
[Round "4"]
[White "Faria, Marcio Roberto"]
[Black "Goncalves, Marcus Vinicius M"]
[Result "0-1"]
[WhiteElo "1773"]
[BlackElo "1856"]
[PlyCount "114"]
[EventDate "2010.08.14"]
[EventType "tourn"]
[EventRounds "13"]
[EventCountry "BRA"]
[SourceTitle "EXT 2022"]
[Source "ChessBase"]
[SourceDate "2021.10.06"]
[SourceVersion "1"]
[SourceVersionDate "2021.10.06"]
[SourceQuality "1"]

1. d4 Nf6 2. c4 c5 3. d5 g6 4. Nc3 Bg7 5. e4 0-0 6. Bd3 d6 7. Nge2 e6 8. 0-0 exd5 9. cxd5 Na6 10. h3 Nc7 11. Bf4 b5 12. e5 dxe5 13. Bxe5 c4 14. Bxf6 Qxf6 15. Be4 Rd8 16. a3 Rb8 17. Bf3 Bxh3 18. Ng3 Be6 19. Qd2 Rd7 20. d6 Ne8 21. Nge4 Qd8 22. Rad1 Rb6 23. Qe3 Nxd6 24. Nxd6 Rdxd6 25. Rxd6 Qxd6 26. Rd1 Qf8 27. Qg5 h6 28. Qf4 g5 29. Qc7 Rb8 30. Qxa7 b4 31. axb4 Rxb4 32. Rd2 Bxc3 33. bxc3 Rb1+ 34. Kh2 Qb8+ 35. Qxb8+ Rxb8 36. Rc2 f5 37. Be2 Rb3 38. f3 Kg7 39. Kg3 f4+ 40. Kf2 Kf6 41. Ke1 Ke5 42. Kd2 Bf5 43. Rc1 Rb2+ 44. Ke1 Bd3 45. Bxd3 cxd3 46. Rd1 Re2+ 47. Kf1 Re3 48. Rb1 h5 49. Rb5+ Kf6 50. Rb6+ Kf5 51. Rb5+ Re5 52. c4 Rxb5 53. cxb5 Ke5 54. Ke1 g4 55. Kd2 gxf3 56. gxf3 h4 57. Kxd3 h3 0-1

[Event "Itu LCX 20th"]
[Site "Itu"]
[Date "2010.08.14"]
[Round "1"]
[White "Freitas, Romeu Salvador"]
[Black "Faria, Marcio Roberto"]
[Result "1-0"]
[WhiteElo "2145"]
[BlackElo "1773"]
[PlyCount "103"]
[EventDate "2010.08.14"]
[EventType "tourn"]
[EventRounds "13"]
[EventCountry "BRA"]
[SourceTitle "EXT 2022"]
[Source "ChessBase"]
[SourceDate "2021.10.06"]
[SourceVersion "1"]
[SourceVersionDate "2021.10.06"]
[SourceQuality "1"]

1. e4 e5 2. Nf3 Nc6 3. Bb5 d6 4. d4 Bd7 5. Nc3 Nf6 6. 0-0 Be7 7. Re1 0-0 8. Bg5 h6 9. dxe5 dxe5 10. Bh4 Re8 11. Bxc6 Bxc6 12. Nxe5 Qxd1 13. Raxd1 Nxe4 14. Nxc6 Bxh4 15. Rxe4 Rxe4 16. Nxe4 bxc6 17. g3 Rd8 18. Rxd8+ Bxd8 19. Kf1 f5 20. Nc5 Be7 21. Na6 Bd6 22. Nb8 c5 23. Nc6 a6 24. Nb8 a5 25. a4 c4 26. Nc6 Kf7 27. Nxa5 c3 28. b3 Ke6 29. Ke2 Kd5 30. Kd3 c5 31. Nc4 Bc7 32. Ne3+ Ke5 33. f4+ Ke6 34. Kxc3 g5 35. Ng2 gxf4 36. Nxf4+ Ke5 37. Kd3 Kd6 38. c3 Ba5 39. Kc4 Kc6 40. Nd3 Bb6 41. b4 cxb4 42. cxb4 Kd6 43. a5 Bg1 44. b5 Bxh2 45. a6 Bg1 46. Nb4 Kc7 47. Nd5+ Kb8 48. b6 Bf2 49. Kb5 Bxg3 50. Kc6 h5 51. a7+ Ka8 52. Nc7+ 1-0